[Event "SCCA Promotional Open Tournament"]
[Site "SchemingMind.com"]
[Date "2008.02.12"]
[Round "-"]
[White "badbishop"]
[Black "TONYTODD11"]
[Result "1-0"]
[WhiteCountry "POL"]
[BlackCountry "ENG"]
[WhiteElo "2270"]
[WhiteRD "73"]
[BlackElo "1595"]
[BlackRD "79"]
[GameID "141463"]

1. e4 e5 2. Nf3 Nc6 3. d4 d6 4. dxe5 dxe5 5. Qxd8+ Kxd8 6. Bc4 Nb4 7. Na3 Nf6 8. Nxe5 Ke7 9. Nxf7 Be6 10. Bxe6 Kxe6
11. Nxh8 Nxe4 12. O-O Bd6 13. c3 Nd3 14. Nc4 Rxh8 15. Nxd6 cxd6 16. Be3 b6 17. Rab1 g5 18. Rfd1 Ne5 19. Rd4 d5 20. Rbd1 Nf6
21. Bxg5 Rg8 22. Bxf6 Nf3+ 23. Kf1 Nxd4 24. Bxd4 Rg6 25. Re1+ Kf7 26. Re5 Rd6 27. f4 Rh6 28. Rxd5 Rxh2 29. f5 Rh1+ 30. Kf2 h5
31. Rd7+ Ke8 32. Rxa7 Rh2 33. f6 h4 34. f7+ Kf8 35. Be5 Rxg2+ 36. Kxg2 h3+ 37. Kxh3 b5 38. Bd6+
1-0

[Event "SCCA Promotional Open Tournament"]
[Site "SchemingMind.com"]
[Date "2008.02.16"]
[Round "-"]
[White "TONYTODD11"]
[Black "badbishop"]
[Result "0-1"]
[WhiteCountry "ENG"]
[BlackCountry "POL"]
[WhiteElo "1595"]
[WhiteRD "79"]
[BlackElo "2270"]
[BlackRD "73"]
[GameID "141464"]

1. e4 g6 2. d4 Bg7 3. Nf3 d6 4. h3 Nf6 5. Nc3 a6 6. Bd3 b5 7. e5 Nfd7 8. e6 fxe6 9. Bf4 O-O 10. Qd2 c5
11. Bh6 cxd4 12. Nxd4 Bxd4 13. Bxf8 Qxf8 14. O-O-O Bg7 15. Qe2 Nc5 16. Rhe1 Qf4+ 17. Kb1 Qb4 18. a3 Qa5 19. Qf3 Bb7 20. Qg4 Nbd7
21. Rxe6 Ne5 22. Qg3 Nxe6 23. Re1 Nc5 24. Qh4 Bf6 25. Qf4 Nexd3
0-1

[Event "SCCA Promotional Open Tournament"]
[Site "SchemingMind.com"]
[Date "2008.02.12"]
[Round "-"]
[White "strokem1"]
[Black "TONYTODD11"]
[Result "0-1"]
[WhiteCountry "USA"]
[BlackCountry "ENG"]
[WhiteElo "1492"]
[WhiteRD "84"]
[BlackElo "1577"]
[BlackRD "74"]
[GameID "141480"]

1. e4 e5 2. Nf3 Nc6 3. Bb5 Nf6 4. Nc3 Ne7 5. Nxe5 c6 6. Bc4 d5 7. exd5 cxd5 8. Bb5+ Bd7 9. Bxd7+ Nxd7 10. Nf3 g6
11. Qe2 Bg7 12. Nxd5 Ne5 13. Nxe7 Qxe7 14. Nxe5 Bxe5 15. O-O Bxh2+
0-1

[Event "SCCA Promotional Open Tournament"]
[Site "SchemingMind.com"]
[Date "2008.02.16"]
[Round "-"]
[White "strokem1"]
[Black "badbishop"]
[Result "0-1"]
[WhiteCountry "USA"]
[BlackCountry "POL"]
[WhiteElo "1564"]
[WhiteRD "70"]
[BlackElo "2270"]
[BlackRD "73"]
[GameID "141481"]

1. e4 g6 2. f4 Bg7 3. Nf3 d6 4. d4 c5 5. dxc5 Qa5+ 6. c3 Qxc5 7. b4 Qc7 8. Bb5+ Bd7 9. Bxd7+ Nxd7 10. Bd2 Ngf6
11. Qe2 O-O 12. O-O Rac8 13. a4 Qc4 14. Qf2 Nxe4 15. Qe3 d5 16. Na3 Qb3 17. a5 Nxd2 18. Nxd2 Qxc3 19. Qxc3 Bxc3 20. Rad1 Bxb4
21. Nb5 a6 22. Nd4 Bxa5 23. f5 Bb6 24. Nf3 gxf5 25. Kh1 e6 26. Ne2 Rc2 27. Nf4 Be3 28. Nh5 Rfc8 29. Rd3 f4 30. Rb3 Rc1
31. Rb1 Rxf1+ 32. Rxf1 d4 33. Ng5 d3 34. Nxf4 Bxf4
0-1

[Event "SCCA Promotional Open Tournament"]
[Site "SchemingMind.com"]
[Date "2008.02.12"]
[Round "-"]
[White "TONYTODD11"]
[Black "strokem1"]
[Result "1-0"]
[WhiteCountry "ENG"]
[BlackCountry "USA"]
[WhiteElo "1577"]
[WhiteRD "74"]
[BlackElo "1492"]
[BlackRD "84"]
[GameID "141482"]

1. e4 c5 2. d4 cxd4 3. c3 dxc3 4. Nxc3 Nc6 5. Nf3 e5 6. Be3 Bb4 7. Rc1 Nf6 8. Bd3 O-O 9. O-O a6 10. Qe2 Bxc3
11. Rxc3 Nb4 12. b3 d5 13. Bc5 Nxd3 14. Bxf8 Nxe4 15. Rxd3 Qxf8 16. Nxe5 Bf5 17. Qf3 Nd2 18. Rxd2 Be4 19. Qf4 Qd6 20. Qxf7+ Kh8
21. Qxb7 Qf8 22. Rc1 h6 23. Rxd5 Bxd5 24. Ng6+
1-0

[Event "SCCA Promotional Open Tournament"]
[Site "SchemingMind.com"]
[Date "2008.02.16"]
[Round "-"]
[White "badbishop"]
[Black "strokem1"]
[Result "1-0"]
[WhiteCountry "POL"]
[BlackCountry "USA"]
[WhiteElo "2264"]
[WhiteRD "71"]
[BlackElo "1600"]
[BlackRD "80"]
[GameID "141483"]

1. e4 g6 2. d4 Nf6 3. Nc3 Bg7 4. e5 Nh5 5. g4 Nf6 6. exf6 Bxf6 7. Bh6 e6 8. Nf3 d5 9. h4 Nc6 10. Bb5 Bd7
11. Qd2 a6 12. Bxc6 Bxc6 13. Qf4 Qe7 14. g5 Bxd4 15. Qxd4 Rg8 16. Bg7 Rxg7 17. Qxg7 O-O-O 18. O-O-O Qd6 19. Ne5 Be8 20. h5 c5
21. hxg6 hxg6 22. Rh8 d4 23. Ne4 Qc7 24. Qf6
1-0

[Event "SCCA Promotional Open Tournament"]
[Site "SchemingMind.com"]
[Date "2008.02.17"]
[Round "-"]
[White "badbishop"]
[Black "ajedrez perfecto"]
[Result "1-0"]
[WhiteCountry "POL"]
[BlackCountry "BAH"]
[WhiteElo "2286"]
[WhiteRD "68"]
[BlackElo "1656"]
[BlackRD "64"]
[GameID "141545"]

1. e4 c5 2. Nf3 Nc6 3. Bb5 d6 4. O-O Bd7 5. Re1 Nf6 6. c3 e5 7. d4 Qa5 8. Bxc6 Bxc6 9. dxe5 Nxe4 10. exd6 O-O-O
11. Ne5 f5 12. d7+ Bxd7 13. Nf7 Re8 14. Nxh8
1-0

[Event "SCCA Promotional Open Tournament"]
[Site "SchemingMind.com"]
[Date "2008.02.12"]
[Round "-"]
[White "Joe Daudish"]
[Black "TONYTODD11"]
[Result "1-0"]
[WhiteCountry "USA"]
[BlackCountry "ENG"]
[WhiteElo "1798"]
[WhiteRD "99"]
[BlackElo "1577"]
[BlackRD "74"]
[GameID "141550"]

1. d4 Nf6 2. Nf3 d5 3. Bf4 e6 4. h3 Nc6 5. e3 Ne4 6. c3 Ne7 7. Nbd2 Nf5 8. Nxe4 dxe4 9. Nd2 g5 10. Be5 Bg7
11. Bxg7 Nxg7 12. Nxe4 b6 13. Bb5+ Bd7 14. Bxd7+ Kxd7 15. O-O Nf5 16. Qa4+ c6 17. c4 Rg8 18. d5 g4 19. dxc6+ Kc7 20. Rad1
1-0

[Event "SCCA Promotional Open Tournament"]
[Site "SchemingMind.com"]
[Date "2008.02.12"]
[Round "-"]
[White "Joe Daudish"]
[Black "strokem1"]
[Result "1-0"]
[WhiteCountry "USA"]
[BlackCountry "USA"]
[WhiteElo "1798"]
[WhiteRD "99"]
[BlackElo "1492"]
[BlackRD "84"]
[GameID "141551"]

1. d4 c5 2. Nf3 Nc6 3. dxc5 e5 4. e3 Bxc5 5. Be2 e4 6. Nfd2 Nf6 7. b3 d5 8. Bb2 O-O 9. c4 dxc4 10. Nxc4 Qc7
11. O-O a6 12. Nc3 Ne5 13. Qc1 Neg4 14. g3 Nh6 15. Rd1 Bg4 16. Bxg4 Nfxg4 17. Nxe4 Be7 18. Qc3 Nf5 19. Rd5 Ngh6 20. Rad1 f6
21. Ncd6 Nxd6 22. Qxc7 Rfe8 23. Nxd6 Bxd6 24. Qxd6 Nf7 25. Qc7 h6 26. Qxb7 Rad8 27. Rxd8 Nxd8 28. Qxa6 Nf7 29. Qb7 Kh7 30. Rd7 Nd8
31. Rxg7+ Kh8 32. Rh7+ Kg8 33. Qg7#
1-0

[Event "SCCA Promotional Open Tournament"]
[Site "SchemingMind.com"]
[Date "2008.02.17"]
[Round "-"]
[White "Joe Daudish"]
[Black "badbishop"]
[Result "0-1"]
[WhiteCountry "USA"]
[BlackCountry "POL"]
[WhiteElo "1758"]
[WhiteRD "44"]
[BlackElo "2286"]
[BlackRD "68"]
[GameID "141552"]

1. d4 g6 2. Nf3 Bg7 3. Bf4 d6 4. e3 Nd7 5. Nbd2 e5 6. dxe5 dxe5 7. Bg3 Ne7 8. Bc4 O-O 9. O-O Nf5 10. c3 Qe7
11. Qc2 Nb6 12. Bb3 a5 13. a3 a4 14. Ba2 Be6 15. Bxe6 Qxe6 16. Rad1 Rfd8 17. Ne4 Nxg3 18. Nxg3 Qc6 19. Rxd8+ Rxd8 20. Rd1 Rxd1+
21. Qxd1 Nc4 22. Qc2 Qd7 23. h3 f6 24. Ne4 b6 25. Nfd2 Nxd2 26. Qxd2 Qxd2 27. Nxd2 Kf7 28. f3 Ke6 29. Kf2 Kd5 30. Ke2 f5
31. g4 e4 32. f4 fxg4 33. hxg4 h5 34. gxh5 gxh5 35. Kf2 b5 36. Kg3 Bf6 37. Kh3 c5 38. Kg3 b4 39. axb4 cxb4 40. c4+ Kc6
41. Nxe4 Bxb2 42. f5 a3 43. f6 a2 44. f7 Bg7 45. Nd6 Kxd6 46. c5+ Kxc5 47. f8=Q+ Bxf8 48. e4 a1=Q 49. e5 Qxe5+ 50. Kf3 Bh6
51. Kf2 Qe3+ 52. Kg2 Qe2+
0-1

[Event "SCCA Promotional Open Tournament"]
[Site "SchemingMind.com"]
[Date "2008.02.12"]
[Round "-"]
[White "Joe Daudish"]
[Black "ajedrez perfecto"]
[Result "1-0"]
[WhiteCountry "USA"]
[BlackCountry "BAH"]
[WhiteElo "1757"]
[WhiteRD "53"]
[BlackElo "1848"]
[BlackRD "73"]
[GameID "141553"]

1. d4 Nf6 2. Nf3 e6 3. Bf4 b6 4. h3 Bb7 5. e3 Be7 6. Nbd2 O-O 7. Be2 d6 8. O-O c5 9. c3 Nbd7 10. Re1 Rc8
11. Bh2
1-0

[Event "SCCA Promotional Open Tournament"]
[Site "SchemingMind.com"]
[Date "2008.02.13"]
[Round "-"]
[White "TONYTODD11"]
[Black "Joe Daudish"]
[Result "0-1"]
[WhiteCountry "ENG"]
[BlackCountry "USA"]
[WhiteElo "1577"]
[WhiteRD "74"]
[BlackElo "1798"]
[BlackRD "99"]
[GameID "141554"]

1. e4 e6 2. d4 d5 3. Nc3 dxe4 4. Nxe4 Nd7 5. Nf3 Ngf6 6. Bd3 Nxe4 7. Bxe4 Nf6 8. Bg5 Be7 9. Bxf6 Bxf6 10. O-O c6
11. Re1 O-O 12. Qd3 Rb8 13. Bxh7+ Kh8 14. Ne5 Bxe5 15. Rxe5 Qh4 16. Be4 g6 17. Qf3 Kg7 18. g4 Bd7 19. g5 f6 20. Qg2 fxe5
21. Rf1 exd4 22. Bf3 Rf5 23. Bg4 Rxg5 24. f3 Rf8 25. Qd2 e5 26. f4 Rxg4+ 27. Kh1 Rfxf4
0-1

[Event "SCCA Promotional Open Tournament"]
[Site "SchemingMind.com"]
[Date "2008.02.13"]
[Round "-"]
[White "strokem1"]
[Black "Joe Daudish"]
[Result "0-1"]
[WhiteCountry "USA"]
[BlackCountry "USA"]
[WhiteElo "1600"]
[WhiteRD "80"]
[BlackElo "1757"]
[BlackRD "53"]
[GameID "141555"]

1. e4 e6 2. Nf3 d5 3. exd5 exd5 4. c4 Nf6 5. Nc3 dxc4 6. Bxc4 Be7 7. O-O O-O 8. d4 Nbd7 9. Re1 h6 10. Ne5 Nxe5
11. Rxe5 Bd6 12. Re1 a6 13. a3 b5 14. Bb3 Bb7 15. d5 c6 16. Ne4 Nxe4 17. Rxe4 cxd5 18. Rg4 Kh8 19. Qd3 f5 20. Bc2 Qf6
21. Rb1 Rae8 22. Bd2 g5 23. f4 Bc5+ 24. Kh1 Qd4 25. Qxd4+ Bxd4 26. Rg3 Re2 27. Bb4 Rf7 28. fxg5 Rxc2 29. g6 Rg7 30. Bf8 Bxb2
31. Bxg7+ Kxg7 32. Re1 Rc1 33. Rxc1 Bxc1 34. Rc3 Bf4 35. g3 Be5 36. Re3 Bf6 37. Re6 Kxg6 38. Kg2 d4+ 39. Kf2 a5 40. Rb6 Be4
41. Rxb5 d3 42. Rb6 Kg5 43. h3 Bd4+
0-1

[Event "SCCA Promotional Open Tournament"]
[Site "SchemingMind.com"]
[Date "2008.02.17"]
[Round "-"]
[White "badbishop"]
[Black "Joe Daudish"]
[Result "1-0"]
[WhiteCountry "POL"]
[BlackCountry "USA"]
[WhiteElo "2286"]
[WhiteRD "68"]
[BlackElo "1758"]
[BlackRD "44"]
[GameID "141556"]

1. e4 e6 2. d4 d5 3. Nc3 dxe4 4. Nxe4 Nd7 5. Bd3 Ngf6 6. Qe2 Nxe4 7. Bxe4 Be7 8. Nf3 Nf6 9. Bxb7 Bxb7 10. Qb5+ Qd7
11. Qxb7 O-O 12. O-O c5 13. Qxd7 Nxd7 14. Be3 cxd4 15. Bxd4 Bf6 16. Rfd1 Rfc8 17. c3 Bxd4 18. Rxd4 Nf6 19. Kf1 Rab8 20. Rad1 g6
21. R1d2 Rb7 22. Ne5 Rcc7 23. Ke2 a5 24. Rc4 Nd5 25. Rxc7 Rxc7 26. h4 Kg7 27. g3 h5 28. Rd4 Kf6 29. Nd3 g5 30. hxg5+ Kxg5
31. Ra4 Rxc3 32. Rxa5 Rc2+ 33. Kf3 f5 34. b4 Rc3 35. Ke2 Rc4 36. a3 h4 37. gxh4+ Rxh4 38. Rc5 Kf6 39. Rc6 Nf4+ 40. Nxf4 Rxf4
41. b5 Rh4 42. b6 Rh8 43. a4 Ke5 44. a5 Kd5 45. Rc7 Rb8 46. Re7 Kd6 47. b7 Kxe7 48. a6 Kd7 49. a7 Kc7 50. a8=Q Rxb7
51. f4 Rb6 52. Kd3 Rd6+ 53. Kc4 Rd1 54. Qa5+ Kc8 55. Qa6+
1-0

[Event "SCCA Promotional Open Tournament"]
[Site "SchemingMind.com"]
[Date "2008.02.13"]
[Round "-"]
[White "ajedrez perfecto"]
[Black "Joe Daudish"]
[Result "0-1"]
[WhiteCountry "BAH"]
[BlackCountry "USA"]
[WhiteElo "1848"]
[WhiteRD "73"]
[BlackElo "1757"]
[BlackRD "53"]
[GameID "141557"]

1. e4 e6 2. d4 d5 3. Nc3 dxe4 4. Nxe4 Nd7 5. Nf3 Ngf6 6. Bg5 Be7 7. Bxf6 Nxf6 8. Nxf6+ Bxf6 9. c3 O-O 10. Bd3 b6
0-1

[Event "SCCA Promotional Open Tournament"]
[Site "SchemingMind.com"]
[Date "2008.02.12"]
[Round "-"]
[White "faulty"]
[Black "TONYTODD11"]
[Result "1-0"]
[WhiteCountry "USA"]
[BlackCountry "ENG"]
[WhiteElo "1889"]
[WhiteRD "74"]
[BlackElo "1588"]
[BlackRD "76"]
[GameID "141558"]

1. e4 c6 2. d4 d5 3. Nc3 Nf6 4. e5 Ng4 5. h3 Nxf2 6. Kxf2 Qb6 7. Nf3 Bf5 8. Bd3 g6 9. Na4 Qc7 10. Be3 Qc8
11. g4 Bd7 12. Nc5 h5 13. Nxd7 Nxd7 14. Qg1 Bh6 15. g5 Bg7 16. Ke2 Qc7 17. c3 O-O-O 18. Kd2 e6 19. b4 Nb6 20. Kc2 Na4
21. Qb1 b6 22. Qb3 b5 23. Rac1 a5 24. Kb1 axb4 25. cxb4 Rdf8 26. Bxb5 cxb5 27. Rxc7+ Kxc7 28. Rc1+ Kd7 29. Ne1 Ra8 30. Nd3 Nb6
31. Rc5 Nc4 32. Bc1 Bf8 33. Rxb5 Be7 34. a4 Ra7 35. a5 Rc8 36. Qa4 Rac7 37. Rxd5#
1-0

[Event "SCCA Promotional Open Tournament"]
[Site "SchemingMind.com"]
[Date "2008.02.12"]
[Round "-"]
[White "faulty"]
[Black "strokem1"]
[Result "1-0"]
[WhiteCountry "USA"]
[BlackCountry "USA"]
[WhiteElo "1941"]
[WhiteRD "77"]
[BlackElo "1492"]
[BlackRD "84"]
[GameID "141559"]

1. e4 c5 2. Nf3 Nc6 3. d4 cxd4 4. Nxd4 a6 5. Be2 Qb6 6. Nb3 e5 7. Be3 Nd4 8. Bxd4 exd4 9. Qxd4 Qg6 10. O-O Be7
11. Nc3 Nf6 12. e5 Nh5 13. Bd3 Qe6 14. Nd5 O-O 15. Nc7 Qh6 16. Nxa8 Qg5 17. f4 Qg4 18. Nb6 Bh4 19. h3 Qg3 20. Rf3 Qxf3
21. gxf3 Bg3 22. Nxc8 Rxc8 23. Qxd7 Rf8 24. Qg4 g6 25. Nc5 Bxf4 26. Nd7 Rd8 27. Nf6+ Nxf6 28. exf6 Be5 29. Qg5 Bxb2 30. Rb1 Bc3
31. Rxb7 a5 32. Rc7 Bb4 33. a3 Bc3 34. Rxc3
1-0

[Event "SCCA Promotional Open Tournament"]
[Site "SchemingMind.com"]
[Date "2008.02.17"]
[Round "-"]
[White "faulty"]
[Black "badbishop"]
[Result "0-1"]
[WhiteCountry "USA"]
[BlackCountry "POL"]
[WhiteElo "1909"]
[WhiteRD "74"]
[BlackElo "2270"]
[BlackRD "73"]
[GameID "141560"]

1. e4 g6 2. d4 Bg7 3. c4 d6 4. Nc3 Nf6 5. Nf3 O-O 6. Be2 Nbd7 7. O-O e5 8. d5 Nc5 9. Qc2 a5 10. h3 Nh5
11. Be3 Nf4 12. Bxc5 dxc5 13. Ne1 Ra6 14. Nd3 Qg5 15. Nxf4 exf4 16. Qd3 Be5 17. Qf3 f5 18. Bd3 fxe4 19. Nxe4 Qe7 20. Nc3 Rb6
21. Rab1 Bd7 22. Be4 Qg7 23. Qd3 Bd4 24. Kh1 f3 25. Bxf3 Rbf6 26. Ne4 Rxf3 27. gxf3 Qh6 28. Ng3 Qxh3+
0-1

[Event "SCCA Promotional Open Tournament"]
[Site "SchemingMind.com"]
[Date "2008.02.12"]
[Round "-"]
[White "faulty"]
[Black "ajedrez perfecto"]
[Result "1-0"]
[WhiteCountry "USA"]
[BlackCountry "BAH"]
[WhiteElo "1909"]
[WhiteRD "74"]
[BlackElo "1834"]
[BlackRD "72"]
[GameID "141561"]

1. e4 c5 2. Nf3 d6 3. d4 cxd4 4. Nxd4 Nf6 5. Nc3 a6 6. Bg5 Nbd7 7. Be2 g6 8. Qd2 Bg7 9. Bh6 Bxh6 10. Qxh6 b5
11. a3 Bb7 12. f3 e5 13. Nb3 d5 14. exd5 Nxd5 15. Nxd5 Bxd5 16. O-O-O Bxb3 17. cxb3 Qc7+ 18. Kb1 Qc5 19. Rd2 Qf8 20. Qe3 Qe7=
21. Rhd1 Rd8 22. Qa7 f6 23. Qxa6 O-O 24. Qxb5
1-0

[Event "SCCA Promotional Open Tournament"]
[Site "SchemingMind.com"]
[Date "2008.02.12"]
[Round "-"]
[White "faulty"]
[Black "Joe Daudish"]
[Result "1-0"]
[WhiteCountry "USA"]
[BlackCountry "USA"]
[WhiteElo "1941"]
[WhiteRD "77"]
[BlackElo "1798"]
[BlackRD "99"]
[GameID "141562"]

1. e4 e6 2. d4 d5 3. Nc3 dxe4 4. Nxe4 Nd7 5. Nf3 Ngf6 6. Bd3 Nxe4 7. Bxe4 Nf6 8. Bd3 Be7 9. O-O b6 10. c3 Bb7
11. Qe2 c5 12. dxc5 Bxc5 13. Bg5 Be7 14. Bb5+ Kf8 15. Rad1 Qc7 16. Bxf6 Bxf6 17. Rd7 Qc8 18. Rfd1 Bxf3 19. Qxf3 a6 20. Bc6 Rb8
21. g4 h6 22. h4 b5 23. g5 hxg5 24. hxg5 Be7 25. Qf4 Rb6 26. Rxe7 Kxe7 27. Qd6#
1-0

[Event "SCCA Promotional Open Tournament"]
[Site "SchemingMind.com"]
[Date "2008.02.12"]
[Round "-"]
[White "TONYTODD11"]
[Black "faulty"]
[Result "0-1"]
[WhiteCountry "ENG"]
[BlackCountry "USA"]
[WhiteElo "1588"]
[WhiteRD "76"]
[BlackElo "1889"]
[BlackRD "74"]
[GameID "141563"]

1. e4 e5 2. f4 exf4 3. Nf3 Nc6 4. Nc3 d6 5. Bc4 Ne5 6. Qe2 Bg4 7. O-O Nf6 8. d4 Nxf3+ 9. gxf3 Bh3 10. Re1 Be7
11. Bxf4 O-O 12. Rad1 Nh5 13. Qe3 Bh4 14. Re2 c6 15. Kh1 Qf6 16. Bg5 Bxg5 17. Qf2 Nf4 18. e5 Qd8 19. exd6 Nxe2 20. Qxe2 Qxd6
21. Ne4 Qf4 22. Rg1 Bh4 23. Bd3 Rfe8 24. Qd1 b6 25. Bf1 Bxf1 26. Qxf1 f5 27. Ng3 Bxg3 28. Rxg3 Re6 29. Qc4 Re8 30. Qc3 Re1+
0-1

[Event "SCCA Promotional Open Tournament"]
[Site "SchemingMind.com"]
[Date "2008.02.12"]
[Round "-"]
[White "strokem1"]
[Black "faulty"]
[Result "0-1"]
[WhiteCountry "USA"]
[BlackCountry "USA"]
[WhiteElo "1600"]
[WhiteRD "80"]
[BlackElo "1889"]
[BlackRD "74"]
[GameID "141564"]

1. e4 e5 2. Nf3 Nc6 3. Bb5 a6 4. Bxc6 dxc6 5. Nxe5 Qd4 6. Nf3 Qxe4+ 7. Qe2 Qxe2+ 8. Kxe2 Bd6 9. Re1 Ne7 10. Nc3 O-O
11. d3 Ng6 12. Kf1 Bg4 13. Nh4 Nxh4 14. h3 Be6 15. Ne4 Nf5 16. Nxd6 cxd6 17. c3 Rfe8 18. Bf4 Rad8 19. c4 f6 20. b4 g5
21. Bh2 Kf7 22. a4 Nd4 23. c5 dxc5 24. bxc5 Nc2 25. Rxe6 Rxe6 26. Rc1 Nd4 27. g4 Rd7 28. Ra1 Re2 29. Bd6 Rd2 30. Ra3 Nc2
31. Rc3 Nb4 32. a5 Nxd3 33. Rc4 Ne5 34. Rc1 Rd5 35. Rc3 Ke6 36. Ke2 Ng6 37. Rb3 Nf4+ 38. Ke1 Nd3+ 39. Kf1 Nxc5 40. Bxc5 Rxc5
41. Re3+ Re5
0-1

[Event "SCCA Promotional Open Tournament"]
[Site "SchemingMind.com"]
[Date "2008.02.17"]
[Round "-"]
[White "badbishop"]
[Black "faulty"]
[Result "1-0"]
[WhiteCountry "POL"]
[BlackCountry "USA"]
[WhiteElo "2270"]
[WhiteRD "73"]
[BlackElo "1909"]
[BlackRD "74"]
[GameID "141565"]

1. e4 e5 2. Nf3 Nc6 3. d4 exd4 4. Nxd4 d6 5. Nc3 Nf6 6. Bb5 Bd7 7. Bxc6 bxc6 8. Qf3 Be7 9. e5 dxe5 10. Nxc6 Bxc6
11. Qxc6+ Kf8 12. O-O Rb8 13. b3 Qd6 14. Qxd6 cxd6 15. Ba3 d5 16. Bxe7+ Kxe7 17. Rad1 d4 18. Ne2 Rhc8 19. Rfe1 Kf8 20. f4 Rxc2
21. fxe5 Nd7 22. Nxd4 Rxa2 23. e6 Nf6 24. e7+ Kg8 25. Nb5
1-0

[Event "SCCA Promotional Open Tournament"]
[Site "SchemingMind.com"]
[Date "2008.02.12"]
[Round "-"]
[White "ajedrez perfecto"]
[Black "faulty"]
[Result "0-1"]
[WhiteCountry "BAH"]
[BlackCountry "USA"]
[WhiteElo "1834"]
[WhiteRD "72"]
[BlackElo "1909"]
[BlackRD "74"]
[GameID "141566"]

1. e4 e5 2. Nf3 Nc6 3. d4 exd4 4. Nxd4 Bc5 5. Be3 Bxd4 6. Bxd4 Nxd4 7. Qxd4 Qf6 8. e5 Qc6 9. Nc3 Ne7 10. Bd3 O-O
11. O-O f5 12. Bb5 Qb6 13. Bc4+ Kh8 14. Qxb6 axb6 15. Nb5 c6 16. Nd6 Ra5 17. Nf7+ Kg8 18. Nd6+ Kh8 19. Rad1 b5 20. Bb3 c5
21. a3 c4 22. Ba2 b6 23. Nxc8 Rxc8 24. Rxd7 Nc6 25. e6 Ra7
0-1

[Event "SCCA Promotional Open Tournament"]
[Site "SchemingMind.com"]
[Date "2008.02.12"]
[Round "-"]
[White "Joe Daudish"]
[Black "faulty"]
[Result "1/2-1/2"]
[WhiteCountry "USA"]
[BlackCountry "USA"]
[WhiteElo "1757"]
[WhiteRD "53"]
[BlackElo "1889"]
[BlackRD "74"]
[GameID "141567"]

1. d4 f5 2. Nf3 Nf6 3. Bf4 b6 4. h3 Bb7 5. e3 g6 6. Nbd2 Bg7 7. Bc4 e6 8. O-O O-O 9. Re1 d5 10. Be2 Na6
11. c3 c5 12. Be5 Ne4 13. Bxg7 Kxg7 14. Ne5 Nc7 15. Qc2 c4 16. Bf3 Qh4 17. Rf1 Qe7 18. b3 Nxd2 19. Qxd2 cxb3 20. axb3 Ne8
21. c4 Nf6 22. Rfc1 dxc4 23. Bxb7 Qxb7 24. bxc4 Rfd8 25. Qb2 Nd7 26. Nxd7 Rxd7 27. d5+ Kf7 28. dxe6+ Kxe6 29. c5 bxc5 30. Qxb7 Rxb7
31. Rxc5 Kf7 32. Ra6 Rd8 33. Rac6 Rdd7 34. g4 fxg4 35. hxg4 Rb6 36. Rc8 Ra6=
1/2-1/2

[Event "SCCA Promotional Open Tournament"]
[Site "SchemingMind.com"]
[Date "2008.02.14"]
[Round "-"]
[White "jp781"]
[Black "faulty"]
[Result "1-0"]
[WhiteCountry "USA"]
[BlackCountry "USA"]
[WhiteElo "1960"]
[WhiteRD "86"]
[BlackElo "1909"]
[BlackRD "74"]
[GameID "141570"]

1. d4 f5 2. c4 Nf6 3. Bg5 Ne4 4. Bf4 e6 5. f3 Bd6 6. Bxd6 Nxd6 7. e3 O-O 8. Bd3 b6 9. Nc3 Nc6 10. a3 Bb7
11. Nge2 e5 12. Qb3 Kh8 13. Qc2 exd4 14. exd4 Nxd4 15. Nxd4 Qh4+ 16. Qf2 Rae8+ 17. Nde2 Qg5 18. O-O f4 19. Rab1 Re3 20. Be4 Bxe4
21. Nxe4 Nxe4 22. fxe4 Rxe4 23. Nd4 Qc5 24. Nf3 Qxf2+ 25. Rxf2 Rxc4 26. Re1 h6 27. Ne5
1-0

[Event "SCCA Promotional Open Tournament"]
[Site "SchemingMind.com"]
[Date "2008.02.14"]
[Round "-"]
[White "jp781"]
[Black "TONYTODD11"]
[Result "1-0"]
[WhiteCountry "USA"]
[BlackCountry "ENG"]
[WhiteElo "1960"]
[WhiteRD "86"]
[BlackElo "1595"]
[BlackRD "79"]
[GameID "141571"]

1. e4 e5 2. Nf3 Nc6 3. Bb5 Nf6 4. O-O a6 5. Ba4 b5 6. Bb3 Nxe4 7. d4 d6 8. Bd5 Bd7 9. Bxe4 Be7 10. Nc3 O-O
11. a3 Bg4 12. Bxc6 Rb8 13. Be3 Bf6 14. h3 Rb6 15. d5 Bh5 16. Bxb6
1-0

[Event "SCCA Promotional Open Tournament"]
[Site "SchemingMind.com"]
[Date "2008.02.14"]
[Round "-"]
[White "jp781"]
[Black "strokem1"]
[Result "1-0"]
[WhiteCountry "USA"]
[BlackCountry "USA"]
[WhiteElo "1960"]
[WhiteRD "86"]
[BlackElo "1564"]
[BlackRD "70"]
[GameID "141572"]

1. e4 e5 2. Nf3 Nc6 3. Bb5 d6 4. d4 a6 5. Bxc6+ bxc6 6. dxe5 Ne7 7. Bg5 h6 8. Bf4 Ng6 9. Be3 Be7 10. exd6 cxd6
11. h3 O-O 12. Nc3 Be6 13. Qd2 d5 14. exd5 cxd5 15. O-O-O Ne5 16. Nxe5 Bf6 17. Ng4 d4 18. Nxf6+ Qxf6 19. Bxd4 Qe7 20. Rhe1 a5
21. Nd5 Qd6 22. Nc3 Qb4 23. a3 Qb7 24. Qe3 Rac8 25. Qe5 f6 26. Qxe6+ Kh8 27. g4 Qg2 28. h4 Rfd8 29. Rg1 Qf3 30. g5 fxg5
31. hxg5 h5 32. Rg3 Qf8 33. Rh3 Qe8 34. Qxe8+ Rxe8 35. Rxh5+ Kg8 36. f4 Rcd8 37. Be5
1-0

[Event "SCCA Promotional Open Tournament"]
[Site "SchemingMind.com"]
[Date "2008.02.17"]
[Round "-"]
[White "jp781"]
[Black "badbishop"]
[Result "0-1"]
[WhiteCountry "USA"]
[BlackCountry "POL"]
[WhiteElo "1936"]
[WhiteRD "83"]
[BlackElo "2225"]
[BlackRD "64"]
[GameID "141573"]

1. d4 g6 2. e4 Bg7 3. Nc3 d6 4. Be3 a6 5. Nf3 b5 6. Bd3 Bb7 7. O-O Nd7 8. b4 Ngf6 9. h3 O-O 10. a3 Nb6
11. Nd2 Nfd7 12. Rc1 Rc8 13. f3 c5 14. dxc5 dxc5 15. bxc5 Nxc5 16. Ndb1 Qd6 17. Ne2 Rfd8 18. Nbc3 Nba4 19. Nxa4 Nxa4 20. Bf4 Qxa3
21. Qd2 Nc5 22. Be3 Nxd3 23. cxd3 Qxd3 24. Qxd3 Rxd3 25. Bb6 Bh6 26. Rcd1 Rxd1 27. Rxd1 Kf8 28. Rd7 Bc6 29. Ra7 Ra8 30. Rc7 Be8
31. h4 Bg7 32. Bc5 a5 33. Rxe7 Kg8 34. Rb7 a4 35. Nc1 Rc8 36. Ba3 b4 37. Bxb4 Rxc1+ 38. Kf2 Bf8 39. Rb8 Bxb4 40. Rxe8+ Kg7
41. Ra8 a3 42. Ke2 Rc2+
0-1

[Event "SCCA Promotional Open Tournament"]
[Site "SchemingMind.com"]
[Date "2008.02.15"]
[Round "-"]
[White "jp781"]
[Black "ajedrez perfecto"]
[Result "1-0"]
[WhiteCountry "USA"]
[BlackCountry "BAH"]
[WhiteElo "1984"]
[WhiteRD "83"]
[BlackElo "1656"]
[BlackRD "64"]
[GameID "141574"]

1. d4 Nf6 2. c4 e6 3. Nc3 Bb4 4. e3 c5 5. Nf3 d5 6. a3 cxd4 7. exd4 Bxc3+ 8. bxc3 Qc7 9. cxd5 exd5 10. Bb5+ Nc6
11. Qe2+ Be6 12. Bg5 Ne4 13. c4 O-O 14. cxd5 Bxd5 15. Bxc6 bxc6 16. O-O Nxg5 17. Nxg5 Qf4 18. Qe3 Qg4 19. f3 Qf5 20. g4
1-0